Ensayos sobre educación / (Record no. 72322)

MARC details
000 -LEADER
campo de control de longitud fija 01133nam a2200265 i 4500
001 - NÚMERO DE CONTROL
campo de control 72322
003 - IDENTIFICADOR DE NÚMERO DE CONTROL
campo de control ES-MaACL
005 - FECHA Y HORA DE LA ÚLTIMA TRANSACCIÓN
campo de control 20250828113017.0
007 - CAMPO FIJO DE DESCRIPCIÓN FÍSICA--INFORMACIÓN GENERAL
campo de control de longitud fija t|
008 - DATOS DE LONGITUD FIJA--INFORMACIÓN GENERAL
campo de control de longitud fija 040830q1913 sp |||| | spa d
100 1# - ENTRADA PRINCIPAL--NOMBRE DE PERSONA
Nombre de persona Giner de los Ríos, Francisco,
Fechas asociadas al nombre 1839-1915
9 (RLIN) 57122
245 10 - MENCIÓN DEL TÍTULO
Título Ensayos sobre educación /
Mención de responsabilidad, etc. por Francisco Giner de los Ríos ; Este es un libro de paz, M.B.C.
260 ## - PUBLICACIÓN, DISTRIBUCIÓN, ETC.
Lugar de publicación, distribución, etc. Madrid :
Nombre del editor, distribuidor, etc. La Lectura,
Fecha de publicación, distribución, etc. [ca. 1913]
300 ## - DESCRIPCIÓN FÍSICA
Extensión XV, 354 p. ;
Dimensiones 23 cm.
490 1# - MENCIÓN DE SERIE
Mención de serie Ciencia y educación. Sección general
505 8# - NOTA DE CONTENIDO CON FORMATO
Nota de contenido con formato Contiene: Este es un libro de paz / M.B.C. . Parte primera: La educación en la Institución Libre de Enseñanza ; Parte segunda: Teorías ; Parte tercera: Política pedagógica
530 ## - NOTA DISPONIBLE DE FORMULARIO FÍSICO ADICIONAL
Nota de formato físico adicional disponible Disponible en formato digital.
610 24 - PUNTO DE ACCESO ADICIONAL DE MATERIA--NOMBRE DE ENTIDAD CORPORATIVA
Nombre de entidad corporativa o nombre de jurisdicción como elemento de entrada Institución Libre de Enseñanza.
9 (RLIN) 4724
650 #7 - PUNTO DE ACCESO ADICIONAL DE MATERIA--TÉRMINO DE MATERIA
Término de materia o nombre geográfico como elemento de entrada Educación
Fuente del encabezamiento o término embne
9 (RLIN) 12073
830 10 - PUNTO DE ACCESO ADICIONAL DE SERIE-TÍTULO UNIFORME
Título uniforme Ciencia y educación (La Lectura)
9 (RLIN) 181469
852 ## - LOCALIZACIÓN
Ubicación ES-MaACL
Número de control de estantería B-4732
Ubicación en estantería Sala Pardo Bazán
Nota libre Revisado enlace: 22 de julio de 2025
856 4# - LOCALIZACIÓN Y ACCESO ELECTRÓNICOS
Identificador Uniforme de Recursos <a href="http://bdh-rd.bne.es/viewer.vm?id=0000202921&page=1 ">http://bdh-rd.bne.es/viewer.vm?id=0000202921&page=1 </a>
Texto de enlace Biblioteca Digital Hispánica
942 ## - ELEMENTOS DE ENTRADA SECUNDARIOS (KOHA)
Fuente del sistema de clasificación o colocación Clasificación decimal universal
Holdings
Estatus retirado Estado de pérdida Estado de daño No para préstamo Colección Biblioteca de origen Biblioteca actual Ubicación en estantería Fecha de adquisición Fuente de adquisición Total de préstamos Signatura topográfica completa Código de barras Visto por última vez Precio de reemplazo Tipo de ítem Koha
        Colección digital Biblioteca del Ateneo de Madrid Biblioteca del Ateneo de Madrid Sala Pardo Bazán 17/01/2008     B-4732 1075717 23/02/2023 23/02/2023 Libro impreso